000 01544nam a2200253Ia 4500
003 Ost
005 20260507075650.0
008 260507s9999||||xx |||||||||||||| ||und||
020 _a9468119957
040 _cfsecg
041 _aara
082 _a658.8
100 _aأبو فازة، يوسف أحمد
_eمؤلف
245 0 _aالتسويق الإلكتروني :
_bعناصر المزيج التسويقي عبر الانترنت /
_c يوسف أحمد أبو فازة
250 _aطبعة 2
260 _aعمان:
_bدار وائل للنشر والتوزيع,
_c2007
300 _a392 صفحة؛
_bإيضاحات ؛
_c24 سم
504 _aالملاحق ص.383
520 _aالاعمال الإلكترونية- نظام المعلومات التسويقية للاعمال الإلكترونية- المنافسة بين منظمات الأعمال عبر الأنترنت- خدمات الزبون وعمليات السوق والشراء عبر الأنترنت- التسويق الإلكتروني- تخطيط وتطوير المنتجات عبر الأنترنت- سعر المنتجات المباعة عبر الأنترنت- تصميم الموقع- التوزيع الإلكتروني عبر الانترنت- الترويج الإلكتروني عبر الانترنت- المجتمعات الإفتراضية- التخصيص- الخوصصة- أمن الأعمال الإلكترونية.
653 _aأدارة المبيعات
653 _aالانترنت
653 _aالتسويق
942 _cكتاب
999 _c45566
_d45566